000 00662cam a22002413a 4500
001 24422
003 PGUSA
005 20140828083524.0
008 080102s2008||||xxu|||||s|||||000 1 eng d
040 _aPGUSA
_beng
042 _adc
050 4 _aPL
100 1 _aTianhuazangzhuren
245 1 0 _a定情人
_h[electronic resource] /
_cTianhuazangzhuren
260 _bProject Gutenberg,
_c2008
506 _aPublic domain in the USA.
516 _aElectronic text
653 _aChinese fiction -- Qing dynasty, 1644-1912
740 0 _aDing qing ren
830 0 _aProject Gutenberg
_v24422
856 4 0 _uhttp://www.gutenberg.org/ebooks/24422
942 _cEB
999 _c253677
_d253677